<?xml version="1.0" encoding="UTF-8"?>
<record
    xmlns:xsi="http://www.w3.org/2001/XMLSchema-instance"
    xsi:schemaLocation="http://www.loc.gov/MARC21/slim http://www.loc.gov/standards/marcxml/schema/MARC21slim.xsd"
    xmlns="http://www.loc.gov/MARC21/slim">

  <leader>00697nkm a2200205 a 4500</leader>
  <controlfield tag="001">000056622</controlfield>
  <controlfield tag="005">20200120223305.0</controlfield>
  <controlfield tag="007">vducgaiz </controlfield>
  <controlfield tag="008">120619s2005    ck 025 g      000 vnspa d</controlfield>
  <datafield tag="041" ind1="0" ind2=" ">
    <subfield code="a">-spa</subfield>
  </datafield>
  <datafield tag="082" ind1=" " ind2=" ">
    <subfield code="a">637.356</subfield>
    <subfield code="b">H63q</subfield>
  </datafield>
  <datafield tag="110" ind1="2" ind2=" ">
    <subfield code="a">Fundaci&#xF3;n Hogares Juveniles Campesinos</subfield>
  </datafield>
  <datafield tag="245" ind1="1" ind2="0">
    <subfield code="a">Queso campesino pasteurizado :</subfield>
    <subfield code="b">queso molido /</subfield>
    <subfield code="c">Hogares Juveniles Campesinos.</subfield>
  </datafield>
  <datafield tag="260" ind1=" " ind2=" ">
    <subfield code="a">Bogot&#xE1; :</subfield>
    <subfield code="b">Hogares Juveniles Campesinos</subfield>
    <subfield code="b">Editorial Grania,</subfield>
    <subfield code="c">2005.</subfield>
  </datafield>
  <datafield tag="300" ind1=" " ind2=" ">
    <subfield code="a">1 DVD (ca. 25 min.) :</subfield>
    <subfield code="b">sol., col.</subfield>
  </datafield>
  <datafield tag="490" ind1=" " ind2="0">
    <subfield code="a">Videoteca del campo</subfield>
    <subfield code="p">Granja integral autosuficiente</subfield>
    <subfield code="v">15</subfield>
  </datafield>
  <datafield tag="650" ind1="1" ind2="7">
    <subfield code="a">Queso</subfield>
    <subfield code="2">LEMB</subfield>
  </datafield>
  <datafield tag="650" ind1="2" ind2="7">
    <subfield code="a">Industria lechera</subfield>
    <subfield code="2">LEMB</subfield>
  </datafield>
  <datafield tag="650" ind1="2" ind2="7">
    <subfield code="a">Conservas alimenticias</subfield>
    <subfield code="2">LEMB</subfield>
  </datafield>
  <datafield tag="999" ind1=" " ind2=" ">
    <subfield code="c">5961</subfield>
    <subfield code="d">5961</subfield>
  </datafield>
  <datafield tag="952" ind1=" " ind2=" ">
    <subfield code="0">0</subfield>
    <subfield code="1">0</subfield>
    <subfield code="2">ddc</subfield>
    <subfield code="4">0</subfield>
    <subfield code="7">0</subfield>
    <subfield code="8">MUL</subfield>
    <subfield code="a">BPMOS</subfield>
    <subfield code="b">BPMOS</subfield>
    <subfield code="d">2020-01-20</subfield>
    <subfield code="i">114613</subfield>
    <subfield code="l">0</subfield>
    <subfield code="o">637.356 H63q</subfield>
    <subfield code="p">MOS005982</subfield>
    <subfield code="r">2021-01-05</subfield>
    <subfield code="t">ej.1</subfield>
    <subfield code="w">2020-01-20</subfield>
    <subfield code="y">DVD</subfield>
    <subfield code="z">Tres d&#xED;as-Hemeroteca-Bib.Elec</subfield>
  </datafield>
</record>
